000 01108nam a2200277Ia 4500
003 OSt
005 20221005104109.0
006 a|||||r|||| 00| 0
007 ta
008 221004b |||||||| |||| 00| 0 hin d
020 _a8186702725 (hbk)
_c550
024 _a8724
037 _b123, 26/12/2014, Vidyanidhi Prakashan
_cTextual
040 _aCRL
_cCRL
_bhin
041 _2hin
_ahin
082 _aQ127:224xH50,1:g, 152Q3
100 _aशर्मा, जगतबहादुर
245 0 _aबृहदारण्यकवार्तिकसार में तत्व - चिन्तन
246 _aBṛuhadāraṇyakavārtikasār mean tatva - chintana
260 _aदिल्ली
_bजे0पी0 पब्लिशिंग हाउस भारत
_c2013
300 _a256पृ0
_ccm.
650 _aधर्म
700 _a विद्यारण
942 _hQ127:224xH50,1:g, 152Q3
_cTEXL
_2cc
999 _c1011705
_d1011705